| 000 | 00845cab a2200217 4500 | ||
|---|---|---|---|
| 001 | ABS46467 | ||
| 008 | 090401t1992 xxu||||| |||| 00| 0 eng d | ||
| 035 | _a(Sirsi) u58415 | ||
| 041 | _aeng | ||
| 100 | _aAnstey, J. | ||
| 245 | _aView from the boundary: can you raise a party wall? | ||
| 260 | _c1992 | ||
| 350 | _a0 | ||
| 490 |
_aStructural Survey _v10(4) Spring 1992, 386-391(6) |
||
| 520 | _aRecites the arguments in the party wall question, noting the London Building Acts (Amendment) Act 1939 part VI, but querying whether or not a right exists to cut off projections to raise a party wall, or to create an overhanging cantilevered beam to build above. | ||
| 650 | _aLONDON BUILDING ACTS (AMENDMENT) ACT 1939 PART VI | ||
| 650 |
_aParty walls _96258 |
||
| 690 | _aPROPERTY LAW AND PRACTICE | ||
| 942 | _n0 | ||
| 948 | _c04/03/1997 | ||
| 999 |
_c35659 _d35659 |
||